[Event "RF-2015-0-00224"]
[Site "LSS email"]
[Date "2015.02.19"]
[Round "?"]
[White "Bieszk, Stanislaw"]
[Black "Siegert, Daniel"]
[Result "0-1"]
[WhiteElo "869"]
[BlackElo "1319"]
[PlyCount "62"]
[EventDate "2015.01.31"]
[EventType "tourn (corr)"]
[EventRounds "6"]
[EventCountry "GER"]
[SourceTitle "Corr 2022"]
[Source "ChessBase"]
[SourceDate "2021.10.24"]
[SourceVersion "1"]
[SourceVersionDate "2021.10.24"]
[SourceQuality "1"]

1. c4 Nf6 2. Nc3 g6 3. d4 Bg7 4. e4 d6 5. f3 0-0 6. Be3 Nc6 7. Bd3 e5 8. d5 Ne7 9. Nge2 Ne8 10. g4 f5 11. gxf5 gxf5 12. Bg5 f4 13. Qd2 a6 14. 0-0-0 Bd7 15. Rdg1 Kh8 16. h4 h6 17. Bxe7 Qxe7 18. h5 Nf6 19. Rg2 Rg8 20. Nd1 Kh7 21. Nxf4 exf4 22. e5+ Kh8 23. exf6 Bxf6 24. Bg6 b5 25. cxb5 Bxb5 26. Nc3 Rab8 27. Rhg1 Qe3 28. Qxe3 fxe3 29. Nxb5 Rxb5 30. Be8 Bxb2+ 31. Kc2 Rxe8 0-1

[Event "RF-2015-0-00223"]
[Site "LSS email"]
[Date "2015.02.17"]
[Round "?"]
[White "Meljnikova, Ekaterina"]
[Black "Siegert, Daniel"]
[Result "1-0"]
[WhiteElo "800"]
[BlackElo "1311"]
[PlyCount "53"]
[EventDate "2015.01.24"]
[EventType "tourn (corr)"]
[EventRounds "6"]
[EventCountry "GER"]
[SourceTitle "Corr 2022"]
[Source "ChessBase"]
[SourceDate "2021.10.24"]
[SourceVersion "1"]
[SourceVersionDate "2021.10.24"]
[SourceQuality "1"]

1. d4 Nf6 2. c4 g6 3. Nc3 Bg7 4. e4 d6 5. Nf3 0-0 6. Be2 Nc6 7. 0-0 e5 8. d5 Ne7 9. Ne1 Ne8 10. Nd3 f5 11. f3 Nf6 12. Be3 f4 13. Bf2 g5 14. b4 h5 15. c5 Ng6 16. Kh1 g4 17. Rg1 Bh6 18. a3 Bg5 19. Ra2 Bd7 20. Rb2 Qc8 21. a4 h4 22. fxg4 Nxg4 23. cxd6 cxd6 24. Nb5 Nxf2+ 25. Nxf2 Bxb5 26. Bxb5 a6 27. Qh5 1-0

[Event "RF-2015-0-00223"]
[Site "LSS email"]
[Date "2015.02.16"]
[Round "?"]
[White "Rocek, Vladimir"]
[Black "Siegert, Daniel"]
[Result "1/2-1/2"]
[WhiteElo "1132"]
[BlackElo "1311"]
[PlyCount "71"]
[EventDate "2015.01.24"]
[EventType "tourn (corr)"]
[EventRounds "6"]
[EventCountry "GER"]
[SourceTitle "Corr 2022"]
[Source "ChessBase"]
[SourceDate "2021.10.24"]
[SourceVersion "1"]
[SourceVersionDate "2021.10.24"]
[SourceQuality "1"]

1. e4 c5 2. Nf3 d6 3. d4 cxd4 4. Nxd4 Nf6 5. Nc3 g6 6. Bd3 Bg7 7. Nde2 Nc6 8. 0-0 0-0 9. Bg5 Bg4 10. f3 Bd7 11. Be3 a6 12. a3 Ne5 13. Nf4 Rc8 14. Nfd5 Nxd5 15. Nxd5 Nc4 16. Bxc4 Rxc4 17. c3 Be6 18. Nf4 Bd7 19. Nd5 Be6 20. Nf4 Qd7 21. Nd5 Bxd5 22. Qxd5 b5 23. Rad1 Rfc8 24. f4 Qc6 25. e5 Qxd5 26. Rxd5 Re4 27. Kf2 dxe5 28. Kf3 Rec4 29. fxe5 e6 30. Rd6 a5 31. Bd4 b4 32. axb4 axb4 33. Rb6 bxc3 34. bxc3 h5 35. Rb7 R4c7 36. Rfb1 1/2-1/2

[Event "RF-2015-0-00222"]
[Site "LSS email"]
[Date "2015.02.12"]
[Round "?"]
[White "Sahin, Yavuz"]
[Black "Siegert, Daniel"]
[Result "0-1"]
[WhiteElo "800"]
[BlackElo "1316"]
[PlyCount "28"]
[EventDate "2015.01.22"]
[EventType "tourn (corr)"]
[EventRounds "6"]
[EventCountry "GER"]
[SourceTitle "Corr 2022"]
[Source "ChessBase"]
[SourceDate "2021.10.24"]
[SourceVersion "1"]
[SourceVersionDate "2021.10.24"]
[SourceQuality "1"]

1. g3 g6 2. Bg2 Bg7 3. Nf3 Nf6 4. 0-0 0-0 5. d4 c6 6. Bf4 d5 7. Nbd2 Nbd7 8. c4 Nh5 9. e3 Nxf4 10. exf4 dxc4 11. Nxc4 c5 12. dxc5 Nxc5 13. Qc2 Bf5 14. Qb3 Nxb3 0-1

[Event "IECC CL0-2015.00 email"]
[Site "IECC email"]
[Date "2015.02.08"]
[Round "?"]
[White "Pons, Francisco"]
[Black "Siegert, Daniel"]
[Result "1-0"]
[WhiteElo "1273"]
[BlackElo "1310"]
[PlyCount "31"]
[EventDate "2015.01.15"]
[EventType "tourn (corr)"]
[EventRounds "4"]
[SourceTitle "Corr 2022"]
[Source "ChessBase"]
[SourceDate "2021.10.24"]
[SourceVersion "1"]
[SourceVersionDate "2021.10.24"]
[SourceQuality "1"]

1. e4 e5 2. Nf3 Nc6 3. d4 exd4 4. Nxd4 Nxd4 5. Qxd4 d6 6. Bc4 Nf6 7. 0-0 Be7 8. Nc3 0-0 9. b3 Nd7 10. Bb2 Bf6 11. Qd2 Ne5 12. Bd3 Nxd3 13. Qxd3 Be6 14. Rab1 a6 15. Nd5 Bxb2 16. Rxb2 1-0

[Event "SN-2015-0-00660"]
[Site "LSS email"]
[Date "2015.02.03"]
[Round "?"]
[White "Siegert, Daniel"]
[Black "Guaimare Rodriguez, Carlos Luis"]
[Result "1-0"]
[WhiteElo "1316"]
[BlackElo "1069"]
[PlyCount "44"]
[EventDate "2015.01.22"]
[EventType "tourn (corr)"]
[EventRounds "6"]
[EventCountry "GER"]
[SourceTitle "Corr 2022"]
[Source "ChessBase"]
[SourceDate "2021.10.24"]
[SourceVersion "1"]
[SourceVersionDate "2021.10.24"]
[SourceQuality "1"]

1. e4 c6 2. d4 d5 3. Nc3 dxe4 4. Nxe4 Bf5 5. Ng3 Bg6 6. Nf3 Nd7 7. Bd3 e6 8. 0-0 Ngf6 9. c3 Bd6 10. Bg5 Qa5 11. Re1 Bxd3 12. Qxd3 h6 13. Bd2 0-0 14. Ne4 Nxe4 15. Rxe4 Qf5 16. Re3 Qxd3 17. Rxd3 Rfd8 18. Re1 c5 19. dxc5 Nxc5 20. Rd4 Be7 21. Be3 Bf6 22. Rxd8+ Rxd8 1-0

[Event "RF-2015-0-00220"]
[Site "LSS email"]
[Date "2015.02.01"]
[Round "?"]
[White "Raines, David T"]
[Black "Siegert, Daniel"]
[Result "1-0"]
[WhiteElo "1108"]
[BlackElo "1311"]
[PlyCount "91"]
[EventDate "2015.01.16"]
[EventType "tourn (corr)"]
[EventRounds "6"]
[EventCountry "GER"]
[SourceTitle "Corr 2022"]
[Source "ChessBase"]
[SourceDate "2021.10.24"]
[SourceVersion "1"]
[SourceVersionDate "2021.10.24"]
[SourceQuality "1"]

1. d4 Nf6 2. c4 g6 3. f3 Bg7 4. e4 d6 5. Nc3 0-0 6. Be3 Nc6 7. Bd3 e5 8. d5 Ne7 9. Nge2 Nd7 10. g4 Nc5 11. h4 Nxd3+ 12. Qxd3 f5 13. g5 f4 14. Bf2 Bd7 15. b4 a5 16. b5 b6 17. a4 Nc8 18. 0-0-0 Be8 19. Rdg1 Na7 20. Qd1 Nc8 21. Qf1 Na7 22. Qh3 Bd7 23. Qh2 Be8 24. Be1 Nc8 25. Bd2 Ne7 26. Nd1 Nc8 27. Nf2 Ne7 28. Nd3 Nc8 29. Nf2 Ne7 30. Nc3 Nc8 31. Ng4 Qe7 32. Nd1 Na7 33. Ndf2 Nc8 34. Rg2 Na7 35. Rhg1 Nc8 36. Nf6+ Bxf6 37. gxf6 Qxf6 38. h5 Ne7 39. Nh3 Qh4 40. hxg6 hxg6 41. Be1 Qh5 42. Qh1 Qh7 43. Rh2 Qg7 44. Ng5 Bd7 45. Rh7 Qf6 46. Bh4 1-0

[Event "RF-2015-0-00220"]
[Site "LSS email"]
[Date "2015.02.01"]
[Round "?"]
[White "Siegert, Daniel"]
[Black "Lauer, Frederic"]
[Result "1/2-1/2"]
[WhiteElo "1311"]
[BlackElo "1168"]
[PlyCount "24"]
[EventDate "2015.01.16"]
[EventType "tourn (corr)"]
[EventRounds "6"]
[EventCountry "GER"]
[SourceTitle "Corr 2022"]
[Source "ChessBase"]
[SourceDate "2021.10.24"]
[SourceVersion "1"]
[SourceVersionDate "2021.10.24"]
[SourceQuality "1"]

1. e4 c5 2. Nf3 Nf6 3. e5 Nd5 4. c4 Nb6 5. b3 Nc6 6. Bb2 e6 7. d4 cxd4 8. Nxd4 Bc5 9. Nxc6 dxc6 10. Qxd8+ Kxd8 11. Nc3 Kc7 12. f4 Be7 1/2-1/2

[Event "RF-2015-0-00220"]
[Site "LSS email"]
[Date "2015.02.01"]
[Round "?"]
[White "Vaculik, Jakub"]
[Black "Siegert, Daniel"]
[Result "1-0"]
[WhiteElo "868"]
[BlackElo "1311"]
[PlyCount "95"]
[EventDate "2015.01.16"]
[EventType "tourn (corr)"]
[EventRounds "6"]
[EventCountry "GER"]
[SourceTitle "Corr 2022"]
[Source "ChessBase"]
[SourceDate "2021.10.24"]
[SourceVersion "1"]
[SourceVersionDate "2021.10.24"]
[SourceQuality "1"]

1. e4 c5 2. Nf3 d6 3. c4 g6 4. d3 Bg7 5. Nc3 Nc6 6. Be2 Nf6 7. 0-0 0-0 8. Bd2 a6 9. Qc1 Re8 10. a3 Rb8 11. Bh6 Bh8 12. b3 b5 13. Re1 Ng4 14. Bf4 Qa5 15. Bd2 Qb6 16. Rb1 b4 17. Nd5 Qd8 18. h3 Nge5 19. Nxe5 Bxe5 20. axb4 Nxb4 21. Nxb4 cxb4 22. Bf4 Bc3 23. Bd2 Bxd2 24. Qxd2 e5 25. Ra1 a5 26. Rec1 f5 27. Bf3 f4 28. Qe2 Re7 29. Ra2 Ra7 30. Rca1 Rba8 31. Qc2 Qb6 32. Kf1 Be6 33. Ke2 g5 34. Ke1 Kg7 35. Kf1 Bf7 36. Ke2 h5 37. Kf1 Kh6 38. Kg1 Qc7 39. Kf1 Qd7 40. Qd1 Be8 41. Ke1 a4 42. Be2 a3 43. Kf1 Bf7 44. Ke1 Qe8 45. Kf1 Be6 46. f3 Rg7 47. Kf2 Qd7 48. Rc1 1-0

[Event "RN-2015-0-00919"]
[Site "LSS email"]
[Date "2015.01.30"]
[Round "?"]
[White "Siegert, Daniel"]
[Black "Lenz, Juergen"]
[Result "1-0"]
[WhiteElo "1316"]
[BlackElo "1166"]
[PlyCount "57"]
[EventDate "2015.01.22"]
[EventType "tourn (corr)"]
[EventRounds "6"]
[EventCountry "GER"]
[SourceTitle "Corr 2022"]
[Source "ChessBase"]
[SourceDate "2021.10.24"]
[SourceVersion "1"]
[SourceVersionDate "2021.10.24"]
[SourceQuality "1"]

1. Nf3 Nf6 2. g3 d5 3. Bg2 Bf5 4. d3 h6 5. Nbd2 e6 6. 0-0 Be7 7. b3 a5 8. a4 0-0 9. Bb2 c5 10. Re1 Nc6 11. e4 Bh7 12. h4 Nb4 13. Nh2 Rc8 14. f4 dxe4 15. Nxe4 Nbd5 16. Nxf6+ Bxf6 17. Bxf6 Qxf6 18. Ng4 Qe7 19. Bxd5 Qc7 20. Bg2 Rcd8 21. Qf3 b6 22. Qc6 Qb8 23. Ne5 Rd6 24. Nd7 Rxc6 25. Nxb8 Rc7 26. Nc6 Rd7 27. Ne5 Rd4 28. Kf2 f6 29. Nc4 1-0

[Event "RF-2014-0-00215"]
[Site "LSS email"]
[Date "2015.01.25"]
[Round "?"]
[White "Shim Ng Min, Francis"]
[Black "Siegert, Daniel"]
[Result "1-0"]
[WhiteElo "1192"]
[BlackElo "1310"]
[PlyCount "61"]
[EventDate "2014.12.09"]
[EventType "tourn (corr)"]
[EventRounds "6"]
[EventCountry "GER"]
[SourceTitle "Corr 2022"]
[Source "ChessBase"]
[SourceDate "2021.10.24"]
[SourceVersion "1"]
[SourceVersionDate "2021.10.24"]
[SourceQuality "1"]

1. e4 c5 2. Nf3 d6 3. d4 cxd4 4. Nxd4 Nf6 5. Nc3 g6 6. Be3 Bd7 7. f3 Bg7 8. Qd2 h5 9. Bc4 Nc6 10. 0-0-0 a6 11. h3 Rc8 12. Bb3 Ne5 13. f4 Nc4 14. Bxc4 Rxc4 15. e5 dxe5 16. fxe5 Nh7 17. Nf3 Nf8 18. Rhf1 Ne6 19. Kb1 Bb5 20. Qf2 Qa5 21. Nd2 0-0 22. Nxc4 Bxc4 23. Rfe1 Qxe5 24. Bd4 Qc7 25. Bxg7 Kxg7 26. g4 hxg4 27. hxg4 b5 28. Rh1 b4 29. Nd5 Bxd5 30. Rxd5 Qf4 31. Qh4 1-0

[Event "RF-2014-0-00215"]
[Site "LSS email"]
[Date "2015.01.25"]
[Round "?"]
[White "Siegert, Daniel"]
[Black "Rocek, Vladimir"]
[Result "1-0"]
[WhiteElo "1310"]
[BlackElo "1130"]
[PlyCount "47"]
[EventDate "2014.12.09"]
[EventType "tourn (corr)"]
[EventRounds "6"]
[EventCountry "GER"]
[SourceTitle "Corr 2022"]
[Source "ChessBase"]
[SourceDate "2021.10.24"]
[SourceVersion "1"]
[SourceVersionDate "2021.10.24"]
[SourceQuality "1"]

1. e4 e6 2. d3 d5 3. Nd2 Nc6 4. Ngf3 Nf6 5. g3 dxe4 6. dxe4 e5 7. Bg2 Bd6 8. 0-0 0-0 9. c3 Be6 10. Ng5 Bg4 11. Ngf3 h6 12. h3 Be6 13. Qc2 Qd7 14. g4 Ne7 15. Nh4 Ng6 16. Nf5 Nf4 17. Nf3 Nxg2 18. Kxg2 Qc6 19. Re1 Rad8 20. Nxd6 cxd6 21. Kh2 Nh7 22. Nh4 d5 23. Nf5 d4 24. Ne7+ 1-0

[Event "SN-2014-0-00652"]
[Site "LSS email"]
[Date "2015.01.07"]
[Round "?"]
[White "Siegert, Daniel"]
[Black "Lenz, Juergen"]
[Result "0-1"]
[WhiteElo "1004"]
[BlackElo "905"]
[PlyCount "72"]
[EventDate "2014.12.24"]
[EventType "tourn (corr)"]
[EventRounds "6"]
[EventCountry "GER"]
[SourceTitle "Corr 2015"]
[Source "ChessBase"]
[SourceDate "2015.07.17"]
[SourceVersion "1"]
[SourceVersionDate "2015.07.17"]
[SourceQuality "1"]

1. e4 Nf6 2. Nc3 d5 3. exd5 Nxd5 4. Nxd5 Qxd5 5. Nf3 c5 6. Be2 Nc6 7. 0-0 Bf5 8. d3 e6 9. a3 Be7 10. Bf4 0-0 11. h3 Rad8 12. Re1 Bf6 13. Rb1 Nd4 14. Nxd4 cxd4 15. Bf3 Qd7 16. Be4 Bxe4 17. Rxe4 Qc6 18. Be5 Bxe5 19. Rxe5 f6 20. Re2 e5 21. Qd2 Qd6 22. Qa5 a6 23. Qa4 b5 24. Qb3+ Kh8 25. a4 b4 26. Rbe1 a5 27. Qa2 Rc8 28. b3 Rc5 29. Qb1 Rfc8 30. f4 h6 31. f5 Qc6 32. Rc1 Rc3 33. Rd2 e4 34. dxe4 d3 35. Re1 dxc2 36. Qc1 Rxb3 0-1

[Event "ZN-2014-0-02937"]
[Site "LSS email"]
[Date "2014.12.31"]
[Round "?"]
[White "Lenz, Juergen"]
[Black "Siegert, Daniel"]
[Result "0-1"]
[WhiteElo "905"]
[BlackElo "1004"]
[PlyCount "92"]
[EventDate "2014.12.27"]
[EventType "match (corr)"]
[EventRounds "2"]
[EventCountry "GER"]
[SourceTitle "Corr 2015"]
[Source "ChessBase"]
[SourceDate "2015.07.17"]
[SourceVersion "1"]
[SourceVersionDate "2015.07.17"]
[SourceQuality "1"]

1. d4 Nf6 2. Nf3 g6 3. Bf4 Bg7 4. e3 d6 5. h3 c5 6. c3 cxd4 7. exd4 0-0 8. Be2 Nc6 9. 0-0 Nd5 10. Bh2 Nc7 11. Nbd2 Re8 12. Re1 e5 13. Nc4 exd4 14. Nxd6 Re6 15. Nxc8 Rxc8 16. Bc4 Rxe1+ 17. Qxe1 dxc3 18. bxc3 Na5 19. Bb3 Nxb3 20. axb3 Ne6 21. Rxa7 Bxc3 22. Qe2 Qb6 23. Ra2 Qxb3 24. Bg3 Bg7 25. Be5 Rc1+ 26. Kh2 Qd1 27. Bxg7 Kxg7 28. Qe5+ Kh6 29. h4 Rc5 30. Qf6 Qd6+ 31. g3 Rf5 32. Qc3 Qc6 33. Qxc6 bxc6 34. Kg2 c5 35. g4 Rd5 36. Ra7 Kg7 37. Ra2 c4 38. Rc2 Rc5 39. Rc3 Nf4+ 40. Kf1 Nd5 41. Rc1 c3 42. Ke2 Kf6 43. Kd3 h6 44. Nd4 Ke5 45. Nc2 Kf4 46. Rg1 Kf3 0-1

[Event "OP-2014-0-03596"]
[Site "LSS email"]
[Date "2014.12.24"]
[Round "?"]
[White "Siegert, Daniel"]
[Black "Ederer, Karel"]
[Result "1/2-1/2"]
[WhiteElo "1287"]
[BlackElo "2039"]
[PlyCount "46"]
[EventDate "2014.12.20"]
[EventType "tourn (corr)"]
[EventRounds "4"]
[EventCountry "GER"]
[SourceTitle "Corr 2022"]
[Source "ChessBase"]
[SourceDate "2021.10.24"]
[SourceVersion "1"]
[SourceVersionDate "2021.10.24"]
[SourceQuality "1"]

1. e4 c5 2. Nf3 d6 3. d4 cxd4 4. Nxd4 Nf6 5. Nc3 g6 6. Be3 Bg7 7. f3 0-0 8. Qd2 Nc6 9. 0-0-0 d5 10. exd5 Nxd5 11. Nxc6 bxc6 12. Nxd5 cxd5 13. Qxd5 Qc7 14. Qc5 Qb7 15. Qa3 Bf5 16. Bd3 Rfb8 17. b3 Qc6 18. Qa5 Qf6 19. Bxf5 Qb2+ 20. Kd2 gxf5 21. Qxf5 e6 22. Qe4 f5 23. Qf4 Rc8 1/2-1/2

[Event "OP-2014-0-03596"]
[Site "LSS email"]
[Date "2014.12.24"]
[Round "?"]
[White "Siegert, Daniel"]
[Black "Krause, Peter"]
[Result "0-1"]
[WhiteElo "1287"]
[BlackElo "2410"]
[PlyCount "66"]
[EventDate "2014.12.20"]
[EventType "tourn (corr)"]
[EventRounds "4"]
[EventCountry "GER"]
[SourceTitle "Corr 2022"]
[Source "ChessBase"]
[SourceDate "2021.10.24"]
[SourceVersion "1"]
[SourceVersionDate "2021.10.24"]
[SourceQuality "1"]

1. e4 c5 2. Nf3 d6 3. d4 cxd4 4. Nxd4 Nf6 5. Nc3 g6 6. Be3 Bg7 7. f3 Nc6 8. Qd2 0-0 9. Bc4 Bd7 10. 0-0-0 Rc8 11. Bb3 Nxd4 12. Bxd4 b5 13. Nd5 Nxd5 14. Bxg7 Kxg7 15. exd5 a5 16. a3 Kg8 17. h4 b4 18. axb4 axb4 19. Qd4 Bf5 20. h5 Bxc2 21. Bxc2 b3 22. hxg6 e5 23. gxh7+ Kh8 24. Qe3 Rxc2+ 25. Kb1 Rxg2 26. Rdg1 Rxg1+ 27. Rxg1 Qc8 28. Rg8+ Rxg8 29. hxg8Q+ Kxg8 30. Qxb3 Qa6 31. Qc3 Kg7 32. Qc6 Qf1+ 33. Ka2 Qxf3 0-1